000 00463nam a2200157 i 4500
001 98065
003 ES-MaACL
005 20230906182218.0
007 t|
008 050721s1932 sp ||||1| spa d
100 1 _aMarcoff, Alexis.
_976493
245 1 0 _aMás allá del comunismo
_b: (el campo contra la ciudad en Rusia) /
_cAlexis Marcoff.
260 _aBarcelona :
_bApolo,
_c1932 (
_fP. Yuste)
300 _a300 p. :
_bil. ;
_c20 cm.
852 _aES-MaACL
_jA-644
999 _c98065
_d98065